000 00409nam a2200169Ia 4500
008 221030s9999 xx 000 0 und d
020 _a8178087731
041 _aEnglish
082 _a105.23
_bTul
100 _aP. C. Tulsian
245 0 _aBusiness Organisation & Management
260 _bPearson Education
_aDelhi
_c2004
300 _a25.39
650 _aManagement
700 _aV. Pandey
942 _cBK
999 _c1873
_d1873